000 00617nam a2200217 a 4500
001 24031
003 BD-RjUL
005 20211209001012.0
008 140312s1959 ii 001 0 eng d
035 _a(BD-RjUL)24096
040 _a2509
_beng
_c2509
_d2509
_dBD-RjUL
041 _aeng
082 0 4 _a923.2
_bNAJ 1959
100 1 _aNarain, V. A.
_q(Vishnu Anugrah),
_d1927-
_974011
245 1 0 _aJonathan Duncan and Varanasi /
_cV. A. Narain
260 _aCalcutta :
_bMukhopadhyay,
_c1959.
300 _a240p. ;
_c23cm.
504 _aIncludes Index
600 1 0 _aDuncan, Jonathan,
_d1756-1811.
_974025
942 _2ddc
_cBK
999 _c24031
_d24031